| 000 | 00536nam a2200181 i 4500 | ||
|---|---|---|---|
| 001 | 78622 | ||
| 003 | ES-MaACL | ||
| 005 | 20250520202305.0 | ||
| 007 | t| | ||
| 008 | 041015s1973 sp ||||1| spa d | ||
| 100 | 1 |
_aHale, J. R. _961530 |
|
| 245 | 1 | 3 |
_aLa Europa del Renacimiento _b: 1480-1520 / _cJ.R. Hale ; [traductor, Ramón Cotarelo]. |
| 260 |
_a[Madrid] : _bSiglo XXI, _c[1973] |
||
| 300 |
_a410 p. ; _c18 cm. |
||
| 700 | 1 |
_aCotarelo, Ramón, _d1943- _941166 |
|
| 852 |
_aES-MaACL _jC-55754 _bR.88249 |
||
| 999 |
_c78622 _d78622 |
||